Corsa al Festival (La) (Record n. 99916)

Dettagli MARC
000 -LEADER
fixed length control field 02870njm a2200553Ia 4500
001 - CONTROL NUMBER
control field 20796
003 - CONTROL NUMBER IDENTIFIER
control field IT-RoPAU
005 - DATE AND TIME OF LATEST TRANSACTION
control field 20220918181122.0
008 - FIXED-LENGTH DATA ELEMENTS--GENERAL INFORMATION
fixed length control field 131025s9999 xx 000 0 und d
040 ## - CATALOGING SOURCE
Original cataloging agency IT-RoPAU
040 ## - CATALOGING SOURCE
Transcribing agency IT-RoPAU
041 ## - LANGUAGE CODE
Language code of text/sound track or separate title ITALIANO
999 ## - SYSTEM CONTROL NUMBERS (KOHA)
Koha Dewey Subclass [OBSOLETE] n.d.
100 ## - MAIN ENTRY--PERSONAL NAME
Personal name AA.VV.
9 (RLIN) 794
100 ## - MAIN ENTRY--PERSONAL NAME
Relator term Autore musica
9 (RLIN) 3560
100 ## - MAIN ENTRY--PERSONAL NAME
Miscellaneous information Codice autore musica SPICS: 12000
9 (RLIN) 796
245 ## - TITLE STATEMENT
Title Corsa al Festival (La)
250 ## - EDITION STATEMENT
Edition statement 2a ed.
260 ## - PUBLICATION, DISTRIBUTION, ETC. (IMPRINT)
Place of publication, distribution, etc. MILANO
260 ## - PUBLICATION, DISTRIBUTION, ETC. (IMPRINT)
Name of publisher, distributor, etc. FRATELLI FABBRI EDITORI
Date of publication, distribution, etc. 1982 [1a Ed.:1970]
300 ## - PHYSICAL DESCRIPTION
Extent DISCO
300 ## - PHYSICAL DESCRIPTION
Dimensions 27 minuti (Testo: pag.)
500 ## - GENERAL NOTE
General note La canzone italiana. A San Remo si nasce e si muore. Amore è una fiaba, vita, stelle, mare di sogni, baci, bolle blu.
505 ## - FORMATTED CONTENTS NOTE
Formatted contents note Piove (4:00) - Tua (4:00) - Io sono il vento (4:00) - E' mezzanotte (4:00) - Quando vien la sera (3:00) - Al di là (3:00) - Il mare nel cassetto (4:00) - Le mille bolle blu (4:00)
511 ## - PARTICIPANT OR PERFORMER NOTE
Participant or performer note Modugno Domenico
511 ## - PARTICIPANT OR PERFORMER NOTE
Participant or performer note Golino Turi
511 ## - PARTICIPANT OR PERFORMER NOTE
Participant or performer note Latilla Gino
511 ## - PARTICIPANT OR PERFORMER NOTE
Participant or performer note Sentieri Joe
511 ## - PARTICIPANT OR PERFORMER NOTE
Participant or performer note Tajoli Luciano
511 ## - PARTICIPANT OR PERFORMER NOTE
Participant or performer note Milva (Biolcati Maria Ilva)
511 ## - PARTICIPANT OR PERFORMER NOTE
Participant or performer note Luna Jenny
650 ## - SUBJECT ADDED ENTRY--TOPICAL TERM
Topical term or geographic name as entry element CANZONE ITALIAN [DISCHI]
Relator term Codice MATERIA SPICS: 9950
9 (RLIN) 3562
700 ## - ADDED ENTRY--PERSONAL NAME
Personal name Verde
Dates associated with a name Codice autore musica SPICS: 14028
Relator term Autore musica
Name of part/section of a work Piove
9 (RLIN) 3564
700 ## - ADDED ENTRY--PERSONAL NAME
Personal name Modugno Domenico
Dates associated with a name Codice autore testo/musica SPICS: 12142
Relator term Autore testo/musica
Name of part/section of a work Piove
9 (RLIN) 3566
700 ## - ADDED ENTRY--PERSONAL NAME
Personal name Malgoni M.
Dates associated with a name Codice autore musica SPICS: 14072
Relator term Autore musica
Name of part/section of a work Tua
9 (RLIN) 3568
700 ## - ADDED ENTRY--PERSONAL NAME
Personal name Pallesi Bruno
Dates associated with a name Codice autore testo/musica SPICS: 13598
Relator term Autore testo/musica
Name of part/section of a work Tua
9 (RLIN) 3570
700 ## - ADDED ENTRY--PERSONAL NAME
Personal name Fanciulli
Dates associated with a name Codice autore musica SPICS: 16044
Relator term Autore musica
Name of part/section of a work Io sono il vento
9 (RLIN) 3571
700 ## - ADDED ENTRY--PERSONAL NAME
Personal name Testoni Giancarlo
Dates associated with a name Codice autore testo/musica SPICS: 13524
Relator term Autore testo/musica
Name of part/section of a work Io sono il vento
9 (RLIN) 3572
700 ## - ADDED ENTRY--PERSONAL NAME
Personal name Compari
Dates associated with a name Codice autore musica SPICS: 22690
Relator term Autore musica
Name of part/section of a work E' mezzanotte
9 (RLIN) 3573
700 ## - ADDED ENTRY--PERSONAL NAME
Personal name Cozzoli Michele
Dates associated with a name Codice autore SPICS: 13648
Relator term Autore
Name of part/section of a work E' mezzanotte
9 (RLIN) 3574
700 ## - ADDED ENTRY--PERSONAL NAME
Personal name Testa Michele (=Gill Armando)
Dates associated with a name Codice autore testo/musica SPICS: 13131
Relator term Autore testo/musica
Name of part/section of a work E' mezzanotte - Quando vien la sera
9 (RLIN) 3575
700 ## - ADDED ENTRY--PERSONAL NAME
Personal name Rossi Carlo Alberto (Cicero)
Dates associated with a name Codice autore musica SPICS: 13130
Relator term Autore musica
Name of part/section of a work Quando vien la sera - Le mille bolle blu
9 (RLIN) 3576
700 ## - ADDED ENTRY--PERSONAL NAME
Personal name Mogol (Rapetti Giulio)
Dates associated with a name Codice autore musica SPICS: 13643
Relator term Autore musica
Name of part/section of a work Al di là
9 (RLIN) 3577
700 ## - ADDED ENTRY--PERSONAL NAME
Personal name Donida Carlo
Dates associated with a name Codice autore testo/musica SPICS: 13649
Relator term Autore testo/musica
Name of part/section of a work Al di là
9 (RLIN) 3578
700 ## - ADDED ENTRY--PERSONAL NAME
Personal name Rolla
Dates associated with a name Codice autore musica SPICS: 22691
Relator term Autore musica
Name of part/section of a work Il mare nel cassetto
9 (RLIN) 3579
700 ## - ADDED ENTRY--PERSONAL NAME
Personal name Lavalle
Dates associated with a name Codice autore testo/musica SPICS: 14033
Relator term Autore testo/musica
Name of part/section of a work Il mare nel cassetto
9 (RLIN) 3580
700 ## - ADDED ENTRY--PERSONAL NAME
Personal name Pallavicini Vito
Dates associated with a name Codice autore musica SPICS: 13656
Relator term Autore musica
Name of part/section of a work Le mille bolle blu
9 (RLIN) 3581
942 ## - ADDED ENTRY ELEMENTS (KOHA)
Koha item type DISCHI
Source of classification or shelving scheme Dewey Decimal Classification
Dati di copia
Withdrawn status Lost status Damaged status Not for loan Home library Current library Date acquired Total Checkouts Full call number Date last seen Price effective from Koha item type Public note
    Buone Condizioni Not For Loan SPICS-MEDIATECA SPICS-MEDIATECA 25/10/2013   20796 25/10/2013 25/10/2013 DISCHI Progr. Ins.: 4099 / N.Vol.: 1 / Copie: 1 - Copia rara: n.d. / date import: 01.01.2014 - By Epidotti, Trombetti, Vaglietti
CREDITS: SOCIETA' SAN PAOLO Via A.Severo, 58 - ROMA (RM) & PERIODICI SAN PAOLO SRL Via Giotto, 36 MILANO & CISF Via Giotto, 36 MILANO & EDIZIONI SAN PAOLO SRL,  Piazza Soncino, 5 CINISELLO BALSAMO (MI) -- ITALY